Normal view
MARC view
- Fundació Caixa Terrassa.
Entry Nom corporatiu
001 - NÚMERO DE CONTROL
- campo de control: 165678
003 - IDENTIFICADOR DEL NÚMERO DE CONTROL
- campo de control: ES-BaIT
005 - FECHA Y HORA DE LA ÚLTIMA TRANSACCIÓN
- campo de control: 20250430101142.0
008 - DATOS DE LONGITUD FIJA
- campo de control de longitud fija: 250430|| aca||aabn | a|a d
040 ## - FUENTE DE LA CATALOGACIÓN
- Centro catalogador/agencia de origen: ES-BaIT
110 2# - ENCABEZAMIENTO-NOMBRE DE ENTIDAD CORPORATIVA
- Nombre de entidad corporativa o nombre de jurisdicción como elemento de entrada: Fundació Caixa Terrassa.
- Unidad subordinada: Centre Cultural
- Subdivisión general: Coreografies
- Subdivisión cronológica: 2010-2019


